000 01236 a2200169 4500
003 NUST
005 20230126183427.0
040 _cNust
082 _a900,WHE
100 _aWheeler, Harold
_9106140
245 _aMiracle of Man :
_bA survey of Humanitys UPWARD March Through The Ages /
_cHarold Wheeler
260 _alondon
_bOdhams
300 _a320 p;
505 _aIn the Beginning (Page-5), Earth’s Birthday Book (Page-23), The Coming of Man (Page-32),Gods and Demons (Page-58), The Dawn of Civilization (Page-75), Wonders of the Oldest City (Page-90), Empires and Conquerors (Page-95), Crete and Phenicia (Page-100), Triumphs and Tragedies of Greece (Page-106),Thinkers Plough Lonely Furrows (Page-126), Makers and Breakers of Rome (Page-139), Humanity on the March (Page-151), Life in the Middle Ages (Page-162), Anarchists of the Mind (Page-174), Unveiling the Unknown (Page-183), The Standard of Revolt (Page-200), Speeding up the World (Page-207), Sail Surrenders to Steam (Page-215), Altering the Map (Page-220), Breaking Down the Barriers (Page-245), Pioneers of Modern Thought (Page-253), Pathways of the Skies (Page-262), Man Discovers of the Skies (Page-262).
650 _anoval
_9107828
942 _2ddc
_cBK
_k900,WHE
999 _c193994
_d193994